| 000 | 00492nam a2200181Ia 4500 | ||
|---|---|---|---|
| 008 | 151202s9999||||xx |||||||||||||| ||und|| | ||
| 082 | _bPNVM-60203 | ||
| 100 | _aगवस राजन. | ||
| 245 | _aतणकट. | ||
| 260 | _bसाकेत प्रकाशन औरंगाबाद. | ||
| 260 | _c60203 | ||
| 300 | _a239 | ||
| 600 | _aगवस राजन. | ||
| 630 | _aतणकट. | ||
| 700 | _aगवस राजन. | ||
| 730 | _aतणकट. | ||
| 942 | _cBOOK | ||
| 999 |
_c1326737 _d1326734 |
||